000 00254nam a2200097Ia 4500
001 1198902
005 20250827021854.0
008 250824s9999 xx 000 0 und d
245 0 _aBAYAN MCGİNTYNİN ÖLÜMÜ
_cAGATHA CHRISTIE
260 _bALTIN KİTAPLAR
999 _c1198902
_d1198902